000 00590nam a22001937a 4500
003 OSt
005 20180116183031.0
008 151222b xxu||||| |||| 00| 0 eng d
020 _a04-2346-2006-1
024 _204-2346-2006-1
040 _cLahore LUMS
082 _a 174.4 LUM 2006
100 _aMustafa S, Mujib B, Ahmed M, Ghani J A
245 _aMARIA B. Designs (PVT) LTD
_cMustafa S, Mujib B, Ahmed M, Ghani J A
260 _aLahore LUMS
_b Lahore University of Management Sciences
_c2006
300 _a13 p.
_bPapers
440 _aMARIA B. Designs (PVT) LTD
942 _2ddc
_cCS
999 _c351033
_d351033